| 000 | 00945nam a2200205 a 4500 | ||
|---|---|---|---|
| 001 | 001007687 | ||
| 003 | AM-YeHGA | ||
| 005 | 20250617150538.0 | ||
| 008 | 140318s ||| r 000 0 rus d | ||
| 040 | _aAM-YeHGA | ||
| 041 | 0 | _arus | |
| 100 | 1 | _aГольдштейн, А.Л. | |
| 245 | 1 | 0 |
_aЭкспериментальные методы определения математического описания технологических объектов управления / _cА.Л. Гольдштейн; Перм. политехн. ин-т. |
| 260 |
_aПермь : _bБ. и. |
||
| 300 | _aч. | ||
| 505 | 0 |
_gЧ. 1 (1974, 120 с., ил.) _tСтатистические методы определения динамических характеристик объектов управления |
|
| 653 | 0 | _aАвтоматика | |
| 710 | 2 | _aПермский политехнической институт | |
| 090 | _c334751 | ||
| 999 |
_c332982 _d332982 |
||